[Event "Joacaba Scherer"]
[Site "Joacaba"]
[Date "2024.05.09"]
[Round "9"]
[White "Quintiliano Pinto, Renato Rodrigues"]
[Black "Fier, Alexandr"]
[Result "0-1"]
[WhiteElo "2487"]
[BlackElo "2566"]
[PlyCount "122"]
[EventDate "2024.05.01"]
[EventType "tourn"]
[EventRounds "9"]
[EventCountry "BRA"]
[EventCategory "8"]
[SourceTitle "CB20_2024"]
[SourceDate "2024.05.16"]
[SourceVersion "1"]
[SourceVersionDate "2024.05.16"]
[SourceQuality "1"]

1. d4 Nf6 2. Nf3 e6 3. g3 d5 4. Bg2 Nc6 5. 0-0 Ne4 6. b3 a5 7. a3 Be7 8. Bb2 f5 9. c4 a4 10. b4 Bf6 11. Nc3 Nxc3 12. Bxc3 dxc4 13. Rc1 Ne7 14. Nd2 Nd5 15. Nxc4 Nxc3 16. Rxc3 Qxd4 17. Qxd4 Bxd4 18. Rd3 Bf6 19. Rfd1 0-0 20. f4 Ra7 21. Rc1 Be7 22. Ne5 Bd6 23. Nc4 Be7 24. h4 Re8 25. Bf3 Kf8 26. h5 Ra8 27. Rcd1 Rb8 28. Ne5 Bf6 29. b5 Be7 30. Rc1 Rd8 31. Rdc3 Bd7 32. Rb1 Bd6 33. Rc4 Be8 34. Rxa4 Ra8 35. Rxa8 Rxa8 36. Bxb7 Rxa3 37. Bf3 Ra4 38. Nd3 Rd4 39. Kf1 g5 40. hxg6 hxg6 41. b6 cxb6 42. Rxb6 Ke7 43. Bc6 Bxc6 44. Rxc6 g5 45. Rb6 Kf6 46. Rb3 gxf4 47. gxf4 Bxf4 48. Rb4 Rxb4 49. Nxb4 Ke5 50. Kf2 Ke4 51. Nc2 Bg5 52. Kg3 Be7 53. Kf2 Bc5+ 54. Kg2 e5 55. Kg3 Be3 56. Kg2 Bd2 57. Kf2 Kd5 58. Na3 Kc5 59. e4 f4 60. Ke2 Bb4 61. Nc2 Kc4 0-1

[Event "Joacaba Scherer"]
[Site "Joacaba"]
[Date "2024.05.07"]
[Round "7"]
[White "Quintiliano Pinto, Renato Rodrigues"]
[Black "Delgado Ramirez, Neuris"]
[Result "1-0"]
[WhiteElo "2487"]
[BlackElo "2484"]
[PlyCount "148"]
[EventDate "2024.05.01"]
[EventType "tourn"]
[EventRounds "9"]
[EventCountry "BRA"]
[EventCategory "8"]
[SourceTitle "CB20_2024"]
[SourceDate "2024.05.16"]
[SourceVersion "1"]
[SourceVersionDate "2024.05.16"]
[SourceQuality "1"]

1. d4 Nf6 2. c4 e6 3. g3 Bb4+ 4. Nd2 d5 5. Bg2 0-0 6. Ngf3 b6 7. 0-0 Bb7 8. a3 Be7 9. cxd5 exd5 10. b4 Nbd7 11. Bb2 a6 12. Ne5 c5 13. Nxd7 Nxd7 14. dxc5 bxc5 15. Nb3 cxb4 16. axb4 Rb8 17. Na5 Nf6 18. Be5 Bd6 19. Nxb7 Rxb7 20. Bxf6 Qxf6 21. Rxa6 Rxb4 22. Bxd5 Rd4 23. Qb3 Rb4 24. Bxf7+ Kh8 25. Qxb4 Bxb4 26. Rxf6 gxf6 27. Rb1 Rb8 28. Rd1 Kg7 29. Rd7 Kf8 30. Bc4 Be7 31. Bd3 h6 32. Kg2 Rd8 33. Ra7 Rd5 34. Ra8+ Rd8 35. Ra4 Rd5 36. h4 Rc5 37. Rg4 Kf7 38. Kf3 Bf8 39. Ra4 Rc7 40. Bc4+ Kg7 41. Bd5 Kh8 42. Ra6 Kg7 43. Ra4 Rd7 44. Rg4+ Kh7 45. Bg8+ Kh8 46. Be6 Rd8 47. Rc4 Re8 48. Rc6 Kg7 49. Bf5 Re7 50. Bd3 Re5 51. Kg4 Rc5 52. Ra6 Rc7 53. f4 Bb4 54. Ra8 Bd6 55. Kf5 Bb4 56. Rb8 Be1 57. Rb1 Bf2 58. Kg4 Bc5 59. Bc4 Bf2 60. Bd5 Rd7 61. e4 Bd4 62. Kf5 Re7 63. g4 Ba7 64. Rb3 Bf2 65. g5 hxg5 66. hxg5 fxg5 67. Kxg5 Kf8 68. f5 Rg7+ 69. Kf4 Bh4 70. Rb8+ Ke7 71. Rb7+ Kf8 72. Rxg7 Kxg7 73. e5 Bd8 74. Bc4 Be7 1-0

[Event "Joacaba Scherer"]
[Site "Joacaba"]
[Date "2024.05.05"]
[Round "4"]
[White "Flores Quillas, Diego Saul Rodrigo"]
[Black "Quintiliano Pinto, Renato Rodrigues"]
[Result "0-1"]
[WhiteElo "2431"]
[BlackElo "2487"]
[PlyCount "74"]
[EventDate "2024.05.01"]
[EventType "tourn"]
[EventRounds "9"]
[EventCountry "BRA"]
[EventCategory "8"]
[SourceTitle "CB20_2024"]
[SourceDate "2024.05.16"]
[SourceVersion "1"]
[SourceVersionDate "2024.05.16"]
[SourceQuality "1"]

1. e4 c5 2. Nf3 d6 3. d4 cxd4 4. Nxd4 Nf6 5. Nc3 a6 6. h3 Nc6 7. g4 g6 8. Be3 Nxd4 9. Qxd4 Bg7 10. 0-0-0 b5 11. g5 Nh5 12. Qd2 Bb7 13. Nd5 0-0 14. Be2 e6 15. Nb6 Bxe4 16. f3 Bb7 17. Nxa8 Qxa8 18. Qxd6 Bxf3 19. Bxf3 Qxf3 20. Rhe1 Ng3 21. Qd3 Qc6 22. Bd4 Nf5 23. Bxg7 Kxg7 24. Qe4 Rc8 25. Qe5+ Kg8 26. Re2 Ne7 27. h4 Nd5 28. Rh2 Qc4 29. Kb1 a5 30. Rc1 Rc5 31. Qd6 Rc8 32. h5 gxh5 33. Rxh5 Nb4 34. b3 Qc3 35. g6 hxg6 36. Rxb5 Nxc2 37. Rb8 Qa1# 0-1

[Event "Osasco Tasoko Memorial"]
[Site "Osasco"]
[Date "2024.03.22"]
[Round "5"]
[White "Quintiliano Pinto, Renato Rodrigues"]
[Black "Valderrama Quiceno, Esteban Alberto"]
[Result "1-0"]
[WhiteElo "2483"]
[BlackElo "2428"]
[PlyCount "161"]
[EventDate "2024.03.18"]
[EventType "tourn"]
[EventRounds "9"]
[EventCountry "BRA"]
[EventCategory "6"]
[SourceTitle "CB13_2024"]
[SourceDate "2024.03.27"]
[SourceVersion "1"]
[SourceVersionDate "2024.03.27"]
[SourceQuality "1"]

1. d4 Nf6 2. c4 e6 3. g3 Bb4+ 4. Nd2 0-0 5. Bg2 c5 6. a3 Bxd2+ 7. Qxd2 cxd4 8. Nf3 d5 9. cxd5 Qxd5 10. Qxd4 Nc6 11. Qxd5 Nxd5 12. 0-0 b6 13. Bd2 Ba6 14. Rac1 Rac8 15. Rfe1 Rfd8 16. Bf1 Nde7 17. Bc3 f6 18. Bh3 Kf7 19. b4 Bb5 20. Bb2 h5 21. e4 Ng6 22. Kg2 Ke7 23. e5 f5 24. Kg1 Rd7 25. Bg2 Rcd8 26. h4 Nf8 27. Ra1 Ba4 28. Bf1 Rd1 29. Rexd1 Bxd1 30. Ng5 Ba4 31. Rc1 Rd1 32. Rxd1 Bxd1 33. Bb5 Nd8 34. Bd4 Bb3 35. a4 Bd5 36. a5 Nd7 37. axb6 axb6 38. Bxd7 Kxd7 39. b5 Kc7 40. Nh3 Bc4 41. Nf4 Bxb5 42. Nxh5 g6 43. Nf4 Be8 44. Bc3 Kd7 45. f3 Ke7 46. Bb4+ Kf7 47. Kf2 Nc6 48. Bd6 Na5 49. Bb4 Nc4 50. Bc3 b5 51. Nd3 Bc6 52. g4 fxg4 53. fxg4 Be4 54. Nb4 Bb7 55. Nc2 Be4 56. Nb4 Bb7 57. Bd4 Na5 58. Ke3 g5 59. h5 Nc6 60. Nd3 Nxd4 61. Kxd4 Bf3 62. Nf2 Kg7 63. Ke3 Bd5 64. Ne4 Kh6 65. Nd6 Kg7 66. Nxb5 Bc4 67. Nd6 Bd5 68. Ne4 Kh6 69. Nf6 Bb3 70. Kd4 Kg7 71. Kc5 Bc2 72. Kd6 Bb3 73. Ke7 Bc4 74. Ne8+ Kh6 75. Nd6 Be2 76. Nf7+ Kg7 77. Nxg5 Bxg4 78. Nxe6+ Kh6 79. Nf4 Kg5 80. e6 Bf5 81. Kf7 1-0

[Event "Osasco Tasoko Memorial"]
[Site "Osasco"]
[Date "2024.03.20"]
[Round "3"]
[White "Quintiliano Pinto, Renato Rodrigues"]
[Black "Fier, Alexandr"]
[Result "0-1"]
[WhiteElo "2483"]
[BlackElo "2561"]
[PlyCount "124"]
[EventDate "2024.03.18"]
[EventType "tourn"]
[EventRounds "9"]
[EventCountry "BRA"]
[EventCategory "6"]
[SourceTitle "CB13_2024"]
[SourceDate "2024.03.27"]
[SourceVersion "1"]
[SourceVersionDate "2024.03.27"]
[SourceQuality "1"]

1. d4 Nf6 2. c4 e6 3. Nc3 Bb4 4. e3 0-0 5. Bd2 d5 6. Nf3 b6 7. cxd5 exd5 8. Rc1 a6 9. Bd3 Bd6 10. Ne5 Bb7 11. 0-0 c5 12. f4 Nc6 13. Ng4 Be7 14. Nxf6+ Bxf6 15. dxc5 bxc5 16. Bb1 g6 17. b3 a5 18. Na4 Ba6 19. Re1 c4 20. e4 dxe4 21. Be3 Re8 22. Nc5 Bd4 23. Bxd4 Nxd4 24. Bxe4 cxb3 25. Bxa8 Be2 26. Bc6 Bxd1 27. Rxe8+ Qxe8 28. Bxe8 Ne2+ 29. Kf2 Nxc1 30. axb3 Bxb3 31. Ke3 Bd5 32. g3 Nb3 33. Na4 Kf8 34. Bb5 Ke7 35. Nc3 Be6 36. Kd3 Nc5+ 37. Kd4 Kd6 38. Be8 Nb3+ 39. Kd3 Kc5 40. Ne4+ Kb4 41. Ng5 Bc4+ 42. Kc2 a4 43. Bxf7 a3 44. Kb1 Nd2+ 45. Ka1 Bxf7 46. Nxf7 Kb3 47. Ne5 a2 48. Nd3 Nf1 49. Nc1+ Kc2 50. Nxa2 Nxh2 51. Nb4+ Kd2 52. Nd5 Ng4 53. Nc7 Ke3 54. Ne6 Nf6 55. Ng5 h5 56. Nf7 Nd5 57. Ne5 Ne7 58. Kb2 Kf2 59. g4 h4 60. f5 gxf5 61. gxf5 Nxf5 62. Kc3 Kg3 0-1

[Event "Titled Tuesday intern op 12th Mar Early"]
[Site "Chess.com INT"]
[Date "2024.03.12"]
[Round "8"]
[White "Danielian, Vardan"]
[Black "Quintiliano Pinto, Renato Rodrigues"]
[Result "1-0"]
[WhiteElo "2230"]
[BlackElo "2483"]
[PlyCount "117"]
[EventDate "2024.03.12"]
[EventType "swiss (blitz)"]
[EventRounds "11"]
[EventCountry "USA"]
[SourceTitle "CB12_2024"]
[SourceDate "2023.10.01"]
[SourceVersion "1"]
[SourceVersionDate "2023.10.01"]
[SourceQuality "1"]

1. d4 Nf6 2. c4 e6 3. Nf3 Bb4+ 4. Bd2 Qe7 5. e3 0-0 6. Bd3 Bxd2+ 7. Qxd2 d6 8. 0-0 e5 9. Be2 e4 10. Ne1 Bf5 11. Nc3 c6 12. f3 exf3 13. Bxf3 Bg6 14. Nd3 Nbd7 15. Nf4 Rfe8 16. Rae1 Be4 17. Kh1 Rad8 18. Bxe4 Nxe4 19. Nxe4 Qxe4 20. Qb4 c5 21. Qc3 Nb6 22. b3 Re7 23. h3 Rde8 24. dxc5 dxc5 25. Qa5 Qc6 26. Qc3 Re4 27. Nh5 Qg6 28. Nf4 Qg5 29. Qd2 g6 30. Nd5 Nxd5 31. Qxd5 Qxd5 32. cxd5 Rxe3 33. Rxe3 Rxe3 34. Rd1 Kf8 35. d6 Ke8 36. Rc1 b6 37. b4 Re5 38. bxc5 Rxc5 39. Re1+ Kd8 40. Re7 Ra5 41. Rxf7 Rxa2 42. Rxh7 a5 43. Rg7 a4 44. Rxg6 Rb2 45. Rg4 a3 46. Ra4 a2 47. Kh2 b5 48. Ra8+ Kd7 49. h4 Rb4 50. Rxa2 Rxh4+ 51. Kg3 Rd4 52. Kf3 Kxd6 53. g4 b4 54. g5 Kc5 55. g6 Rd6 56. Rg2 Rf6+ 57. Ke4 Rf8 58. g7 Rb8 59. g8Q 1-0

[Event "Titled Tuesday intern op 12th Mar Early"]
[Site "Chess.com INT"]
[Date "2024.03.12"]
[Round "11"]
[White "Leve, Nitai D"]
[Black "Quintiliano Pinto, Renato Rodrigues"]
[Result "1-0"]
[WhiteElo "2128"]
[BlackElo "2483"]
[PlyCount "69"]
[EventDate "2024.03.12"]
[EventType "swiss (blitz)"]
[EventRounds "11"]
[EventCountry "USA"]
[SourceTitle "CB12_2024"]
[SourceDate "2023.10.01"]
[SourceVersion "1"]
[SourceVersionDate "2023.10.01"]
[SourceQuality "1"]

1. e4 e6 2. d4 d5 3. e5 c5 4. c3 Nc6 5. Nf3 Qb6 6. Bd3 cxd4 7. 0-0 Bd7 8. a3 Nh6 9. b4 Nf5 10. Bb2 dxc3 11. Nxc3 Nfd4 12. Nxd4 Nxd4 13. Nxd5 exd5 14. Bxd4 Qxd4 15. e6 Bd6 16. exd7+ Kf8 17. Rc1 g6 18. Rc8+ Kg7 19. Rxa8 Rxa8 20. Qf3 Rd8 21. Rd1 Qe5 22. g3 Rxd7 23. Bb5 Re7 24. Rxd5 Qa1+ 25. Kg2 Be5 26. Rd7 Rxd7 27. Bxd7 b6 28. Be8 f5 29. Qd5 Qb2 30. h4 Kh6 31. Qf7 Bd4 32. Qf8+ Kh5 33. Qxf5+ Kh6 34. Qf8+ Kh5 35. Bc6 1-0

[Event "Titled Tuesday intern op 12th Mar Early"]
[Site "Chess.com INT"]
[Date "2024.03.12"]
[Round "7"]
[White "Quintiliano Pinto, Renato Rodrigues"]
[Black "Grandadam, Nicolas"]
[Result "0-1"]
[WhiteElo "2483"]
[BlackElo "2265"]
[PlyCount "72"]
[EventDate "2024.03.12"]
[EventType "swiss (blitz)"]
[EventRounds "11"]
[EventCountry "USA"]
[SourceTitle "CB12_2024"]
[SourceDate "2023.10.01"]
[SourceVersion "1"]
[SourceVersionDate "2023.10.01"]
[SourceQuality "1"]

1. Nf3 d5 2. g3 c6 3. Bg2 Bg4 4. h3 Bh5 5. 0-0 Nd7 6. d4 e6 7. Nbd2 Ngf6 8. Re1 Be7 9. e4 dxe4 10. Nxe4 Nxe4 11. Rxe4 0-0 12. c3 a5 13. Bf4 a4 14. Re1 Qa5 15. Qd2 Bxf3 16. Bxf3 Rfd8 17. Qc2 Qa6 18. Be2 b5 19. Bd3 g6 20. h4 Nb6 21. h5 Kg7 22. Qe2 Nd5 23. Bd2 Bf6 24. Qg4 Qa7 25. Kg2 Qe7 26. Rh1 Rh8 27. Rae1 Qd6 28. Bh6+ Kxh6 29. hxg6+ Kg7 30. gxf7+ Kxf7 31. Rxh7+ Rxh7 32. Qg6+ Kf8 33. Qxh7 Qe7 34. Qh3 Re8 35. Bg6 Qg7 36. Bxe8 Nf4+ 0-1

[Event "Prague op"]
[Site "Prague"]
[Date "2024.03.06"]
[Round "8"]
[White "Kusa, Jakub"]
[Black "Quintiliano Pinto, Renato Rodrigues"]
[Result "1/2-1/2"]
[WhiteElo "2348"]
[BlackElo "2493"]
[PlyCount "158"]
[EventDate "2024.02.28"]
[EventType "swiss"]
[EventRounds "9"]
[EventCountry "CZE"]
[SourceTitle "CB11_2024"]
[SourceDate "2024.03.13"]
[SourceVersion "1"]
[SourceVersionDate "2024.03.13"]
[SourceQuality "1"]

1. d4 Nf6 2. Nf3 g6 3. g3 Bg7 4. Bg2 0-0 5. 0-0 d6 6. b3 e5 7. dxe5 dxe5 8. Ba3 e4 9. Bxf8 Qxf8 10. Nd4 e3 11. Nc3 Ng4 12. Qd3 c5 13. Ndb5 Bf5 14. Be4 Nxf2 15. Qd5 Nxe4 16. Nxe4 Nc6 17. Rad1 Rd8 18. Qc4 Ne5 19. Qa4 Nf3+ 20. exf3 e2 21. Rxd8 exf1Q+ 22. Kxf1 Qxd8 23. Ke2 Bd7 24. Qc4 b6 25. Nbd6 Be6 26. Qb5 Bd7 27. Qc4 Qe7 28. Qd5 Bf8 29. Nc4 Be6 30. Qg5 Qxg5 31. Nxg5 Bd7 32. Ne4 Be7 33. Ne3 Bc6 34. c4 f5 35. Nc3 Kf7 36. Ned5 Bd6 37. f4 Ke6 38. a4 Bf8 39. Nb5 a6 40. Nbc7+ Kd6 41. Nxa6 Bxd5 42. cxd5 Kxd5 43. Nc7+ Ke4 44. Nb5 c4 45. bxc4 Bc5 46. h3 Bb4 47. Nc7 Kd4 48. Nd5 Bc5 49. Nf6 Kxc4 50. Nxh7 Kb4 51. Nf6 Kxa4 52. Nd7 Bd4 53. Kd3 Bg7 54. Nxb6+ Kb5 55. Nd5 Bf8 56. h4 Kc5 57. Ne3 Kd6 58. h5 gxh5 59. Nxf5+ Ke6 60. Ke4 Kf6 61. Ne3 Bd6 62. Nd5+ Kg6 63. Nc3 Bb4 64. Nd5 Bd6 65. Ne3 Kf6 66. Ng2 Bb4 67. Kf3 Ba5 68. Ne3 Be1 69. Kg2 Bd2 70. Nc4 Bc3 71. Kh3 Kg6 72. Ne5+ Kf5 73. Kh4 Bd2 74. Nd3 Ke4 75. Nc5+ Kf5 76. Kxh5 Bxf4 77. g4+ Kf6 78. Ne4+ Kf7 79. g5 Bxg5 1/2-1/2

[Event "Prague op"]
[Site "Prague"]
[Date "2024.03.02"]
[Round "4"]
[White "Harshavardhan, GB."]
[Black "Quintiliano Pinto, Renato Rodrigues"]
[Result "1-0"]
[WhiteElo "2392"]
[BlackElo "2493"]
[PlyCount "114"]
[EventDate "2024.02.28"]
[EventType "swiss"]
[EventRounds "9"]
[EventCountry "CZE"]
[SourceTitle "CB11_2024"]
[SourceDate "2024.03.13"]
[SourceVersion "1"]
[SourceVersionDate "2024.03.13"]
[SourceQuality "1"]

1. e4 c5 2. Nf3 d6 3. d4 cxd4 4. Nxd4 Nf6 5. Nc3 Nc6 6. Bg5 Bd7 7. Qd2 a6 8. Bxf6 gxf6 9. Nf5 Rc8 10. Be2 Ne5 11. f4 Nc4 12. Bxc4 Rxc4 13. Qd3 Rc6 14. 0-0-0 e6 15. Rhe1 Qa5 16. Nd4 Rc8 17. Kb1 b5 18. e5 fxe5 19. fxe5 Rxc3 20. bxc3 d5 21. Rf1 Qc7 22. Rf3 Bg7 23. Rdf1 Rf8 24. Qxh7 Qxe5 25. R3f2 Rh8 26. Qd3 Rf8 27. Re2 Qc7 28. Qh7 Be5 29. Nxe6 Bxe6 30. Qh5 Qxc3 31. Qxe5 Qb4+ 32. Kc1 Kd7 33. Rf4 Qa3+ 34. Qb2 Qc5 35. Qd4 Qa3+ 36. Kd1 Rc8 37. Qg7 Qxa2 38. Rxf7+ Bxf7 39. Qxf7+ Kc6 40. Re6+ Kc5 41. Qe7+ Kd4 42. Qg7+ Kc5 43. Qe7+ Kd4 44. Qf6+ Kc5 45. Re3 d4 46. Qe7+ Kb6 47. Qd6+ Kb7 48. Qe7+ Kb6 49. Qe6+ Qxe6 50. Rxe6+ Ka5 51. g4 Rh8 52. Re2 Kb4 53. Rg2 a5 54. g5 Kc5 55. g6 Kd6 56. g7 Rg8 57. h4 Kd5 1-0

[Event "Titled Tuesday intern op 27th Feb Late"]
[Site "Chess.com INT"]
[Date "2024.02.27"]
[Round "8"]
[White "Bernotas, Arturs"]
[Black "Quintiliano Pinto, Renato Rodrigues"]
[Result "1-0"]
[WhiteElo "2366"]
[BlackElo "2493"]
[PlyCount "109"]
[EventDate "2024.02.27"]
[EventType "swiss (blitz)"]
[EventRounds "11"]
[EventCountry "USA"]
[SourceTitle "CB10_2024"]
[SourceDate "2024.03.06"]
[SourceVersion "1"]
[SourceVersionDate "2024.03.06"]
[SourceQuality "1"]

1. e4 c5 2. Nf3 d6 3. Bb5+ Bd7 4. Bxd7+ Nxd7 5. 0-0 Ngf6 6. Qe2 e6 7. c3 Be7 8. d4 0-0 9. e5 Ne8 10. exd6 Nxd6 11. dxc5 Nxc5 12. Bf4 Qb6 13. Na3 Rad8 14. Rfd1 Nf5 15. Ne5 Rxd1+ 16. Rxd1 Rd8 17. Rxd8+ Qxd8 18. Nac4 Nd7 19. g4 Nxe5 20. Nxe5 Nh4 21. Bg3 Ng6 22. Qd3 Qxd3 23. Nxd3 f6 24. f4 Kf7 25. Bf2 a6 26. Kg2 Nf8 27. Kf3 Nd7 28. Bd4 g6 29. c4 Bd6 30. b4 Bc7 31. h3 h5 32. a4 hxg4+ 33. hxg4 g5 34. fxg5 fxg5 35. Ke4 Bd6 36. c5 Bg3 37. b5 axb5 38. axb5 Bh2 39. c6 bxc6 40. bxc6 Nb8 41. Be5 Nxc6 42. Bxh2 Ne7 43. Ne5+ Kf6 44. Bg1 Nd5 45. Bd4 Ke7 46. Nf3 Nb4 47. Nxg5 Nc2 48. Nf3 Kf7 49. g5 Nb4 50. Ne5+ Kg8 51. g6 Nd5 52. Nf7 Ne7 53. Nh6+ Kf8 54. g7+ Ke8 55. Bf6 1-0

[Event "Titled Tuesday intern op 27th Feb Late"]
[Site "Chess.com INT"]
[Date "2024.02.27"]
[Round "4"]
[White "Quintiliano Pinto, Renato Rodrigues"]
[Black "Dobrikov, Marco"]
[Result "0-1"]
[WhiteElo "2493"]
[BlackElo "2248"]
[PlyCount "114"]
[EventDate "2024.02.27"]
[EventType "swiss (blitz)"]
[EventRounds "11"]
[EventCountry "USA"]
[SourceTitle "CB10_2024"]
[SourceDate "2024.03.06"]
[SourceVersion "1"]
[SourceVersionDate "2024.03.06"]
[SourceQuality "1"]

1. Nf3 Nf6 2. g3 g6 3. Bg2 Bg7 4. 0-0 0-0 5. c4 c5 6. Nc3 Nc6 7. d4 cxd4 8. Nxd4 Nxd4 9. Qxd4 d6 10. Qd3 Bf5 11. e4 Be6 12. Bd2 Nd7 13. b3 Nc5 14. Qe2 a5 15. Rac1 Qb6 16. Nd5 Bxd5 17. exd5 Rfe8 18. h4 Qa6 19. h5 Rab8 20. h6 Bf6 21. f4 b5 22. f5 bxc4 23. Rxc4 g5 24. Qh5 Nd7 25. Bxg5 Be5 26. Rg4 Kf8 27. Bh4 Rb4 28. Rxb4 axb4 29. Qg4 Qa7+ 30. Kh2 Qd4 31. Be4 Bf6 32. Kh3 Ne5 33. Bxf6 exf6 34. Qg7+ Ke7 35. Bg2 Rc8 36. Rf4 Qe3 37. Rxb4 Rc2 38. Rb7+ Nd7 39. Qg4 Qxh6+ 40. Qh4 Qd2 41. Qe4+ Kd8 42. Ra7 Ne5 43. Ra8+ Ke7 44. Ra7+ Kf8 45. Ra4 Rb2 46. Rd4 Qh6+ 47. Qh4 Qg7 48. Rb4 Rxa2 49. Rb8+ Ke7 50. Rb7+ Kd8 51. Qb4 Qh6+ 52. Qh4 Qg5 53. Qxg5 fxg5 54. f6 g4+ 55. Kh4 Rxg2 56. Rb8+ Kc7 57. Re8 h6 0-1

[Event "Titled Tuesday intern op 27th Feb Late"]
[Site "Chess.com INT"]
[Date "2024.02.27"]
[Round "1"]
[White "Quintiliano Pinto, Renato Rodrigues"]
[Black "Solberg, Joachim Krokvik"]
[Result "1-0"]
[WhiteElo "2493"]
[BlackElo "2164"]
[PlyCount "75"]
[EventDate "2024.02.27"]
[EventType "swiss (blitz)"]
[EventRounds "11"]
[EventCountry "USA"]
[SourceTitle "CB10_2024"]
[SourceDate "2024.03.06"]
[SourceVersion "1"]
[SourceVersionDate "2024.03.06"]
[SourceQuality "1"]

1. d4 d5 2. Nf3 e6 3. Bf4 Nf6 4. e3 Bd6 5. Nbd2 0-0 6. Bd3 c5 7. c3 Nc6 8. 0-0 b6 9. Qe2 Bb7 10. Rad1 Bxf4 11. exf4 cxd4 12. Nxd4 Nxd4 13. cxd4 Qd6 14. g3 Rac8 15. a3 a5 16. Rc1 Rxc1 17. Rxc1 Rc8 18. Rxc8+ Bxc8 19. Nf3 Bb7 20. Qc2 g6 21. Ne5 Nd7 22. Bb5 Nxe5 23. fxe5 Qd8 24. h4 Qc8 25. Qd2 Qd8 26. Kg2 Qc8 27. h5 Qd8 28. h6 Kf8 29. Qf4 f5 30. exf6 Kf7 31. Qe5 Qxf6 32. Qc7+ Qe7 33. Qxb6 e5 34. Bc6 Bxc6 35. Qxc6 exd4 36. Qxd5+ Kf8 37. Qxd4 Qb7+ 38. Kg1 1-0

[Event "Criciuma op-A"]
[Site "Criciuma"]
[Date "2024.01.17"]
[Round "8"]
[White "Quintiliano Pinto, Renato Rodrigues"]
[Black "Umetsubo, Cesar Hidemitsu"]
[Result "1/2-1/2"]
[WhiteElo "2493"]
[BlackElo "2349"]
[PlyCount "65"]
[EventDate "2024.01.12"]
[EventType "swiss"]
[EventRounds "9"]
[EventCountry "BRA"]
[SourceTitle "CB04_2024"]
[SourceDate "2023.10.16"]
[SourceVersion "1"]
[SourceVersionDate "2023.10.16"]
[SourceQuality "1"]

1. d4 Nf6 2. c4 e6 3. Nc3 Bb4 4. e3 c5 5. Bd3 Nc6 6. Nge2 cxd4 7. exd4 d5 8. cxd5 Nxd5 9. 0-0 0-0 10. a3 Be7 11. h3 g6 12. Bh6 Re8 13. Re1 Bf6 14. Be4 Nxc3 15. bxc3 Bd7 16. Rb1 Na5 17. Ng3 Rc8 18. Bxb7 Nxb7 19. Rxb7 Bc6 20. Rb1 Qa5 21. Bd2 Qxa3 22. Ra1 Qe7 23. Ne4 Bxe4 24. Rxe4 Qb7 25. Re1 e5 26. Qa4 Re7 27. Qa6 Qxa6 28. Rxa6 Kg7 29. dxe5 Rxe5 30. Rxe5 Bxe5 31. Rxa7 Bxc3 32. Bxc3+ Rxc3 33. g3 1/2-1/2

[Event "BRA-ch 89th"]
[Site "Recife"]
[Date "2023.12.21"]
[Round "11"]
[White "Di Berardino, Diego Rafael"]
[Black "Quintiliano Pinto, Renato Rodrigues"]
[Result "1-0"]
[WhiteElo "2477"]
[BlackElo "2489"]
[PlyCount "57"]
[EventDate "2023.12.13"]
[EventType "swiss"]
[EventRounds "11"]
[EventCountry "BRA"]
[SourceTitle "CB52_2023"]
[SourceDate "2023.12.27"]
[SourceVersion "1"]
[SourceVersionDate "2023.12.27"]
[SourceQuality "1"]

1. d4 d5 2. c4 e6 3. Nc3 c6 4. Nf3 Nf6 5. Qc2 dxc4 6. e4 b5 7. Be2 Bb7 8. 0-0 Nbd7 9. b3 b4 10. e5 Nd5 11. Bg5 Qc7 12. Nxd5 cxd5 13. bxc4 dxc4 14. Bxc4 h6 15. Bh4 Rc8 16. Rac1 Be7 17. Bxe7 Kxe7 18. Qd2 Qa5 19. d5 exd5 20. Bb3 Rxc1 21. Rxc1 Re8 22. Qf4 Kf8 23. Qf5 Nc5 24. Qh7 Ne6 25. Nh4 g6 26. Qh8+ Ke7 27. Qf6+ Kd7 28. Qxf7+ Re7 29. Qxg6 1-0

[Event "BRA-ch 89th"]
[Site "Recife"]
[Date "2023.12.19"]
[Round "9"]
[White "Supi, Luis Paulo"]
[Black "Quintiliano Pinto, Renato Rodrigues"]
[Result "1/2-1/2"]
[WhiteElo "2579"]
[BlackElo "2489"]
[PlyCount "78"]
[EventDate "2023.12.13"]
[EventType "swiss"]
[EventRounds "11"]
[EventCountry "BRA"]
[SourceTitle "CB52_2023"]
[SourceDate "2023.12.27"]
[SourceVersion "1"]
[SourceVersionDate "2023.12.27"]
[SourceQuality "1"]

1. e4 c5 2. Nf3 d6 3. d4 cxd4 4. Nxd4 Nf6 5. Nc3 a6 6. Be2 e5 7. Nb3 Be7 8. Be3 Be6 9. Nd5 Nbd7 10. Qd3 0-0 11. 0-0 Bxd5 12. exd5 Rc8 13. c4 a5 14. Kh1 Re8 15. Rad1 Bf8 16. Nd2 g6 17. b3 Bg7 18. a3 h5 19. b4 Ng4 20. Bxg4 hxg4 21. Ne4 Bf8 22. c5 f5 23. Nxd6 Bxd6 24. cxd6 axb4 25. axb4 Qf6 26. Qb5 Qxd6 27. Rc1 Rxc1 28. Rxc1 Nf6 29. Qxb7 Qxd5 30. Qa6 Rd8 31. Re1 Rd6 32. Qc8+ Rd8 33. Qa6 Rd6 34. Qc8+ Kf7 35. Bc5 Rd8 36. Qc7+ Rd7 37. Qb8 Rd8 38. Qc7+ Rd7 39. Qb8 Rd8 1/2-1/2

[Event "BRA-ch 89th"]
[Site "Recife"]
[Date "2023.12.16"]
[Round "5"]
[White "Quintiliano Pinto, Renato Rodrigues"]
[Black "Filgueiras, Nathan Felipe"]
[Result "1/2-1/2"]
[WhiteElo "2489"]
[BlackElo "2295"]
[PlyCount "101"]
[EventDate "2023.12.13"]
[EventType "swiss"]
[EventRounds "11"]
[EventCountry "BRA"]
[SourceTitle "CB52_2023"]
[SourceDate "2023.12.27"]
[SourceVersion "1"]
[SourceVersionDate "2023.12.27"]
[SourceQuality "1"]

1. d4 Nf6 2. Nf3 e6 3. g3 d5 4. c4 dxc4 5. Bg2 a6 6. 0-0 b5 7. Ne5 Nd5 8. a4 Bb7 9. b3 c3 10. axb5 axb5 11. Rxa8 Bxa8 12. e4 b4 13. exd5 Bxd5 14. Bxd5 Qxd5 15. Qd3 Bd6 16. Nxc3 bxc3 17. Qxc3 0-0 18. Bb2 Bxe5 19. dxe5 c5 20. Rc1 Nd7 21. Qc2 Nxe5 22. Bxe5 Qxe5 23. Qxc5 Qb2 24. b4 g6 25. Qc3 Qe2 26. Re1 Qa6 27. Qe5 Qb6 28. b5 Rc8 29. Rd1 Qb7 30. Rb1 Qb6 31. Rd1 Qb7 32. h3 h5 33. Rb1 Qb6 34. Qf6 Rb8 35. Rb3 Qd6 36. Qf3 e5 37. Rb1 Kg7 38. Qe3 Rb6 39. h4 Qf6 40. Qc5 Qe6 41. Re1 e4 42. Re3 Rd6 43. Kg2 Kh7 44. Qb4 Rb6 45. Qc5 Rd6 46. Re2 Rd5 47. Qc4 Qf5 48. Rxe4 Rc5 49. Qd4 Rd5 50. Qc4 Rc5 51. Qd4 1/2-1/2

[Event "US Masters op"]
[Site "Charlotte"]
[Date "2023.11.23"]
[Round "2"]
[White "Hardaway, Brewington"]
[Black "Quintiliano Pinto, Renato Rodrigues"]
[Result "1/2-1/2"]
[WhiteElo "2323"]
[BlackElo "2506"]
[PlyCount "90"]
[EventDate "2023.11.22"]
[EventType "swiss"]
[EventRounds "9"]
[EventCountry "USA"]
[SourceTitle "CB48_2023"]
[SourceDate "2023.11.29"]
[SourceVersion "1"]
[SourceVersionDate "2023.11.29"]
[SourceQuality "1"]

1. e4 c5 2. Nf3 d6 3. d4 cxd4 4. Nxd4 Nf6 5. Nc3 a6 6. Be2 e5 7. Nb3 Be6 8. f4 Be7 9. f5 Bd7 10. Bg5 Bc6 11. Bxf6 Bxf6 12. Bc4 0-0 13. Qe2 Bg5 14. Rd1 Be7 15. 0-0 Nd7 16. Rf3 Rc8 17. Bd5 Nf6 18. Kh1 Qc7 19. Bxc6 Qxc6 20. Rfd3 b5 21. a3 Qc4 22. Nd2 Qc5 23. g4 h6 24. h4 g5 25. Rg1 Kg7 26. Rh3 Rh8 27. Nf3 b4 28. axb4 Qxb4 29. Qe3 Rxc3 30. bxc3 Qxe4 31. Qxe4 Nxe4 32. Kg2 Rc8 33. hxg5 Bxg5 34. Nxg5 hxg5 35. Ra1 Rc6 36. Ra3 Nf6 37. Rg3 Kf8 38. Kf1 d5 39. Rb3 a5 40. Rb8+ Kg7 41. Ra8 Rc5 42. Ke1 Rb5 43. Ke2 Rc5 44. Ke1 Rb5 45. Ke2 Rc5 1/2-1/2